Villes d'Occitanie - Mort subite - Niveau facile - Statistiques

Statistiques générales
  • Ce quiz a été pris 1 026 fois
  • Le résultat moyen est 9 sur 20
Answers on the Grid
Answers color-coded by a green-red scale on the quiz's grid according to % correct below.
Toulouse
Albi
Castres
Rodez
Figeac
Montauban
Auch
Lourdes
Tarbes
Foix
Perpignan
Nîmes
Carcassonne
Narbonne
Béziers
Montpellier
Mende
Sète
Alès
Millau
Privas
Mont-de-Marsan
Angoulême
Agen
Pau
Bergerac
Brive-la-Gaillarde
Aurillac
Avignon
Arles
 
Statistiques - réponses
Réponse % Correct
Toulouse
60%
Perpignan
59%
Carcassonne
57%
Montpellier
56%
Narbonne
55%
Albi
53%
Béziers
52%
Sète
49%
Nîmes
48%
Tarbes
48%
Castres
47%
Montauban
47%
Rodez
47%
Millau
44%
Foix
43%
Auch
40%
Lourdes
38%
Alès
36%
Mende
35%
Figeac
34%
Aucun quiz correspondant
Distribution des résultats
% des personnes avec chaque résultat
Percentile par nombre de réponses
Votre historique - résultats
Vous n’avez pas pris ce quiz